[Event "Russian Championship G13 2016"]
[Site "Loo"]
[Date "2016.04.24"]
[Round "5.19"]
[White "Slesareva, Miraslava"]
[Black "Konova, Polina"]
[Result "1-0"]
[WhiteElo "1711"]
[BlackElo "1385"]
[PlyCount "81"]
[EventDate "2016.04.20"]

1. e4 c5 2. c4 Nc6 3. Nc3 e6 4. g3 g6 5. Bg2 Bg7 6. Nge2 Nge7 7. O-O O-O 8. d3
d6 9. f4 Nd4 10. Be3 Nec6 11. Rb1 a6 12. h3 Rb8 13. a4 Re8 14. g4 f5 15. g5 b5
16. axb5 axb5 17. cxb5 Nxb5 18. Nxb5 Rxb5 19. exf5 Bd7 20. f6 Bf8 21. d4 cxd4
22. Nxd4 Nxd4 23. Bxd4 e5 24. fxe5 dxe5 25. f7+ Kh8 26. fxe8=Q Qxe8 27. Be3 Bf5
28. Rc1 Rxb2 29. Rf2 Rb8 30. Rd2 Qe7 31. h4 Qa3 32. Bf2 Qe7 33. Qe2 Bg7 34. Be4
Qa3 35. Rcd1 Qe7 36. Bxf5 gxf5 37. Rd7 Qe8 38. Qd2 Qh5 39. Rd8+ Bf8 40. Rxb8
Qg4+ 41. Kh2 1-0

[Event "Russian Championship G13 2016"]
[Site "Loo"]
[Date "2016.04.24"]
[Round "5.20"]
[White "Rybakova, Anastasiya"]
[Black "Baiburina, Kamilla"]
[Result "1/2-1/2"]
[WhiteElo "1562"]
[BlackElo "1841"]
[PlyCount "92"]
[EventDate "2016.04.20"]

1. d4 Nf6 2. Nf3 e6 3. e3 b6 4. Bd3 Bb7 5. Nbd2 d5 6. b3 Be7 7. Bb2 Nbd7 8. O-O
O-O 9. Ne5 Nxe5 10. dxe5 Nd7 11. f4 f6 12. Qh5 f5 13. Qe2 Nc5 14. Rad1 a5 15.
Rf3 a4 16. Rh3 axb3 17. axb3 Nxd3 18. cxd3 Qe8 19. Rf1 Ra2 20. Bc3 Rc2 21. Ba1
Bb4 22. Rd1 Qa8 23. Bd4 c5 24. Qh5 cxd4 25. Qxh7+ Kf7 26. Rh6 Rg8 27. Nf3 dxe3
28. Ng5+ Ke7 29. Rxe6+ Kd7 30. Qxf5 Rh8 31. Rh6+ Kc7 32. Qf7+ Kb8 33. Rxh8+ Bc8
34. Nf3 e2 35. Re1 Bxe1 36. Nxe1 Qa1 37. Kf2 Rc1 38. Qe6 Qd4+ 39. Kf3 Kb7 40.
Qe7+ Kb8 41. Kxe2 Qb2+ 42. Kf1 Qxb3 43. Qd6+ Kb7 44. Qg6 Qc3 45. Qxg7+ Ka6 46.
Qg3 Bf5 1/2-1/2

[Event "Russian Championship G13 2016"]
[Site "Loo"]
[Date "2016.04.24"]
[Round "5.21"]
[White "Plekhanova, Ekaterina"]
[Black "Loskutova, Viktoriya"]
[Result "0-1"]
[WhiteElo "1572"]
[BlackElo "1820"]
[PlyCount "84"]
[EventDate "2016.04.20"]

1. e4 c5 2. Nf3 g6 3. d4 cxd4 4. Nxd4 Bg7 5. c4 Nc6 6. Be3 Nf6 7. Nc3 O-O 8.
Be2 d6 9. O-O Bd7 10. f3 Nxd4 11. Bxd4 Bc6 12. Qd2 Nd7 13. Be3 a5 14. Rac1 Nc5
15. Rfd1 a4 16. Rb1 Re8 17. b4 axb3 18. axb3 Qa5 19. b4 Qa3 20. Nd5 Bxd5 21.
cxd5 Bc3 22. Qc2 Bxb4 23. Bd4 Rec8 24. Bc4 Qa5 25. Ra1 Qc7 26. Rxa8 Rxa8 27.
Bf1 Ra3 28. Rb1 Qa5 29. Qc4 Bc3 30. Bxc5 Qxc5+ 31. Qxc5 dxc5 32. g3 Bd4+ 33.
Kg2 Ra2+ 34. Kh3 Rb2 35. Rxb2 Bxb2 36. Kg4 h5+ 37. Kg5 Kg7 38. Bc4 Bd4 39. Bb5
Bg1 40. h3 Be3+ 41. f4 f6+ 42. Kh4 Kh6 0-1

[Event "Russian Championship G13 2016"]
[Site "Loo"]
[Date "2016.04.24"]
[Round "5.22"]
[White "Davydova, Kira"]
[Black "Shchedrova, Tatiana"]
[Result "1-0"]
[WhiteElo "1762"]
[BlackElo "1443"]
[PlyCount "75"]
[EventDate "2016.04.20"]

1. d4 d5 2. c4 c6 3. Nf3 Nf6 4. Qc2 Bg4 5. cxd5 cxd5 6. Ne5 Bh5 7. Qb3 Qc8 8.
Nc3 e6 9. Bf4 a6 10. Na4 Ra7 11. Nb6 Qd8 12. Rc1 Nc6 13. Nxc6 bxc6 14. Rxc6 Rb7
15. Qa4 Bb4+ 16. Qxb4 Nd7 17. Qc3 Nxb6 18. Bc7 Qd7 19. Bxb6 O-O 20. Ba5 Re8 21.
e3 e5 22. Rc5 Qg4 23. f3 Qh4+ 24. Kd1 exd4 25. Qxd4 Qf2 26. Bc3 f6 27. Qxd5+
Rf7 28. Qxh5 Rd7+ 29. Rd5 Red8 30. Bc4 Kh8 31. Bd3 Kg8 32. Qxh7+ Kf8 33. Bb4+
Kf7 34. Qg6+ Ke6 35. Qf5+ Kf7 36. Rxd7+ Rxd7 37. Qxd7+ Kg8 38. Qe8# 1-0

[Event "Russian Championship G13 2016"]
[Site "Loo"]
[Date "2016.04.24"]
[Round "5.23"]
[White "Kamaeva, Dzhamilya"]
[Black "Zaripova, Arina"]
[Result "0-1"]
[WhiteElo "1491"]
[BlackElo "1624"]
[PlyCount "94"]
[EventDate "2016.04.20"]

1. d4 e6 2. Nf3 Nf6 3. e3 b6 4. b3 Bb7 5. Bb2 Bb4+ 6. c3 Be7 7. Bd3 d5 8. O-O
Nbd7 9. Nbd2 Ne4 10. Ne5 Nxd2 11. Qxd2 O-O 12. f4 f5 13. Nxd7 Qxd7 14. Rf3 Qe8
15. Rh3 Rf6 16. Kh1 a5 17. Qe2 c6 18. a4 Qg6 19. Rg1 Qe8 20. g4 Bc8 21. gxf5
exf5 22. Rhg3 Bf8 23. Qg2 Ra7 24. c4 Be6 25. Qh3 Kh8 26. Rg5 Rh6 27. Qg3 Rf7
28. c5 Qd8 29. Qf3 Rff6 30. Qf2 Rhg6 31. Qc2 Rxg5 32. fxg5 Rf7 33. g6 Rf6 34.
gxh7 Kxh7 35. Qe2 Rh6 36. Qg2 Qc7 37. Ba3 bxc5 38. dxc5 d4 39. exd4 Bd5 40.
Bxf5+ Kh8 41. h3 Bxg2+ 42. Rxg2 Rh4 43. Bb2 Rf4 44. Be6 Rf1+ 45. Rg1 Rxg1+ 46.
Kxg1 Qg3+ 47. Kf1 Qd3+ 0-1

[Event "Russian Championship G13 2016"]
[Site "Loo"]
[Date "2016.04.24"]
[Round "5.24"]
[White "Pakeeva, Namlana"]
[Black "Vostrikova, Stanislava"]
[Result "1-0"]
[WhiteElo "1447"]
[BlackElo "1581"]
[PlyCount "77"]
[EventDate "2016.04.20"]

1. e4 e6 2. d4 d5 3. Bd3 c5 4. exd5 Qxd5 5. Nc3 Qxd4 6. Nb5 Qe5+ 7. Ne2 Na6 8.
Bf4 Qf6 9. O-O Be7 10. Qd2 h5 11. Nec3 g5 12. Bd6 Bxd6 13. Nxd6+ Kf8 14. Nce4
Qe7 15. Qxg5 f6 16. Qe3 f5 17. Nxc8 Rxc8 18. Ng5 Rc6 19. Bb5 Rb6 20. Bc4 Nc7
21. Rfe1 Rh6 22. Nf3 Rh7 23. Ne5 Rg7 24. Rad1 Nf6 25. Qh6 Ke8 26. Rd3 Rh7 27.
Qg6+ Kf8 28. Qg3 Ke8 29. Ng6 Qg7 30. Red1 Ncd5 31. Qb8+ Kf7 32. Ne5+ Ke7 33.
Bxd5 Nxd5 34. c4 Kf6 35. cxd5 Rh8 36. Nd7+ Ke7 37. d6+ Kf7 38. Qxa7 Ra6 39.
Qxc5 1-0

[Event "Russian Championship G13 2016"]
[Site "Loo"]
[Date "2016.04.24"]
[Round "5.25"]
[White "Ibragimova, Gulnaz"]
[Black "Strizhnyova, Anna"]
[Result "0-1"]
[WhiteElo "1412"]
[BlackElo "1523"]
[PlyCount "120"]
[EventDate "2016.04.20"]

1. e4 c5 2. Nf3 Nc6 3. d4 cxd4 4. Nxd4 g6 5. Nc3 Bg7 6. Nf3 Nf6 7. Bd3 O-O 8.
Nh4 d6 9. h3 e6 10. O-O a6 11. f4 Nxe4 12. Nxg6 Nxc3 13. bxc3 fxg6 14. Bd2 Qe7
15. Re1 e5 16. Kh1 Bf5 17. Bc4+ Kh8 18. Bd5 Qf6 19. Rf1 exf4 20. Rxf4 Qe5 21.
Bb3 Be6 22. Rf1 Rxf1+ 23. Qxf1 Bxb3 24. cxb3 Rf8 25. Qd3 Nb4 26. Qc4 Nd5 27.
Re1 Qg3 28. Rf1 Rxf1+ 29. Qxf1 Qe5 30. c4 Ne7 31. Bb4 Qa1 32. Qxa1 Bxa1 33.
Bxd6 Nf5 34. Bf4 Bd4 35. g4 Ne3 36. Kh2 Kg7 37. Kg3 Kf7 38. Kf3 Nc2 39. Ke4 Bc5
40. Kd5 Be7 41. Ke4 Nb4 42. a4 Nc2 43. Kd3 Nb4+ 44. Kc3 Ke6 45. g5 Kf5 46. Bd2
Nc6 47. h4 Bb4+ 48. Kd3 Bxd2 49. Kxd2 Kg4 50. Ke2 Nd4+ 51. Kf2 Nxb3 52. Kg2
Kxh4 53. Kf3 Kxg5 54. Kg3 h5 55. Kh3 Kf4 56. Kg2 g5 57. Kh2 Kf3 58. Kg1 g4 59.
Kh1 g3 60. Kg1 g2 0-1

[Event "Russian Championship G15 1st league 2016"]
[Site "Loo"]
[Date "2016.04.24"]
[Round "5.1"]
[White "Hilova, Vlada"]
[Black "Perch, Sofya"]
[Result "1/2-1/2"]
[WhiteElo "1852"]
[BlackElo "1723"]
[PlyCount "119"]
[EventDate "2016.04.20"]

1. d4 d5 2. c4 e6 3. Nc3 Nf6 4. cxd5 exd5 5. Bg5 Be6 6. e3 h6 7. Bh4 Be7 8. Bd3
Nbd7 9. Nge2 O-O 10. Nf4 Bg4 11. f3 Be6 12. O-O c5 13. Bf2 a6 14. a4 Qb6 15. a5
Qd6 16. Nxe6 fxe6 17. e4 cxd4 18. Bxd4 e5 19. Bf2 d4 20. Bc4+ Kh8 21. Nd5 Rac8
22. Qe2 Nxd5 23. Bxd5 Rc7 24. Rac1 Nf6 25. Bc4 Nh5 26. g3 Nf6 27. f4 Nd7 28. f5
Bg5 29. Rc2 Rfc8 30. b3 d3 31. Bxd3 Rxc2 32. Bxc2 Qc7 33. Bd3 Qxa5 34. Bc4 Qc7
35. Rd1 Nc5 36. Rd5 Nd7 37. Qd1 Nf6 38. Rc5 Rd8 39. Bd5 Qe7 40. Qc2 Nxd5 41.
Rxd5 Rxd5 42. exd5 Qd7 43. Qe4 Bf6 44. Bc5 Qb5 45. Qc4 Qxc4 46. bxc4 Kg8 47.
Kf2 Kf7 48. Ke3 Ke8 49. Ke4 Kd7 50. Ba7 b5 51. cxb5 axb5 52. h4 b4 53. Bc5 Be7
54. Be3 Bd6 55. Bc1 Kc7 56. Bb2 Kd7 57. Bc1 Be7 58. Bb2 Bf6 59. Ba1 Kd6 60. Bb2
1/2-1/2

[Event "Russian Championship G15 1st league 2016"]
[Site "Loo"]
[Date "2016.04.24"]
[Round "5.2"]
[White "Aliverdieva, Elina"]
[Black "Gutkovich, Polina"]
[Result "1/2-1/2"]
[WhiteElo "1566"]
[BlackElo "1776"]
[PlyCount "132"]
[EventDate "2016.04.20"]

1. e4 e6 2. d4 d5 3. exd5 exd5 4. Nf3 Bd6 5. c4 c6 6. Nc3 Ne7 7. Bg5 f6 8. Bh4
O-O 9. Be2 Kh8 10. O-O Be6 11. c5 Bc7 12. Bg3 Bxg3 13. hxg3 Nd7 14. b4 f5 15.
Bd3 Ng6 16. Ne2 Qf6 17. Nf4 Nxf4 18. gxf4 h6 19. Ne5 Rg8 20. Qe2 Rae8 21. b5 g5
22. fxg5 Qxg5 23. f4 Qh4 24. bxc6 bxc6 25. Rf2 Nf6 26. Rf3 Rg7 27. Qf2 Qh5 28.
g3 Ng4 29. Nxg4 Qxg4 30. Kh2 Reg8 31. Re1 Bc8 32. Kg2 h5 33. Rh1 Rh7 34. Kf1
Qg7 35. Qe3 Bd7 36. Qe5 Re8 37. Qxg7+ Kxg7 38. Kf2 Kf6 39. Re3 Rb8 40. Rb1 Rhh8
41. Ree1 h4 42. Rxb8 hxg3+ 43. Kxg3 Rxb8 44. Rb1 Rg8+ 45. Kf3 Be8 46. Rh1 Rg7
47. Rh6+ Bg6 48. Rh8 Rc7 49. Ba6 Re7 50. Rc8 Be8 51. Rb8 Bh5+ 52. Kg3 Re3+ 53.
Kg2 Ra3 54. Bb7 Rxa2+ 55. Kg3 Ra3+ 56. Kh2 Rf3 57. Bxc6 Rxf4 58. Bxd5 Rxd4 59.
Bb7 Rd2+ 60. Kg3 Rd3+ 61. Kf2 Ke5 62. c6 Kf4 63. c7 Rd2+ 64. Kf1 Rd1+ 65. Kf2
Rd2+ 66. Kf1 Rd1+ 1/2-1/2

[Event "Russian Championship G15 1st league 2016"]
[Site "Loo"]
[Date "2016.04.24"]
[Round "5.3"]
[White "Martysh, Darja"]
[Black "Pikalova, Sofya"]
[Result "1/2-1/2"]
[WhiteElo "1614"]
[BlackElo "1728"]
[PlyCount "76"]
[EventDate "2016.04.20"]

1. e4 c5 2. Nc3 d6 3. g3 g6 4. Bg2 Bg7 5. d3 Nc6 6. Nge2 Rb8 7. O-O b5 8. a3 a6
9. f4 e6 10. Qe1 Nge7 11. f5 exf5 12. exf5 Bxf5 13. Bxc6+ Nxc6 14. Nd4+ Kd7 15.
Nxf5 gxf5 16. Rxf5 Bd4+ 17. Kh1 f6 18. Ne4 Be5 19. Bf4 Rf8 20. Qf1 Qe7 21. Bxe5
fxe5 22. Qh3 Rxf5 23. Qxf5+ Kc7 24. Nf6 Kd8 25. Nxh7 Nd4 26. Qe4 Nxc2 27. Rf1
Qb7 28. Rf8+ Ke7 29. Rxb8 Qxb8 30. Qh4+ Kd7 31. Nf6+ Ke6 32. Ne4 Qf8 33. Qh3+
Ke7 34. Qh4+ Ke6 35. Qh3+ Ke7 36. Qh4+ Ke6 37. Qh3+ Ke7 38. Qh4+ Ke6 1/2-1/2

[Event "Russian Championship G15 1st league 2016"]
[Site "Loo"]
[Date "2016.04.24"]
[Round "5.4"]
[White "Gusenkova, Karina"]
[Black "Sosnina, Ekaterina"]
[Result "1/2-1/2"]
[WhiteElo "1431"]
[BlackElo "1727"]
[PlyCount "111"]
[EventDate "2016.04.20"]

1. d4 Nf6 2. Nf3 g6 3. g3 Bg7 4. Bg2 O-O 5. O-O d6 6. Nc3 Nbd7 7. b3 e5 8. Ba3
Re8 9. dxe5 dxe5 10. Ng5 c6 11. Nge4 Qa5 12. Bb2 Rd8 13. e3 Nxe4 14. Nxe4 Nc5
15. Qe2 Nxe4 16. Bxe4 h5 17. Qe1 Qxe1 18. Rfxe1 Bg4 19. Kg2 Be6 20. Rad1 f5 21.
Bd3 Bd5+ 22. Kg1 Bf3 23. Bc4+ Kf8 24. Rxd8+ Rxd8 25. Be2 Be4 26. Rd1 Ke8 27.
Rxd8+ Kxd8 28. c4 Kd7 29. Kf1 Ke6 30. Ke1 c5 31. Kd2 Bh6 32. f4 Bg7 33. Bd3 Bc6
34. Bc2 Bf6 35. Bc3 b6 36. Bb1 Bb7 37. Bc2 Bc6 38. Bd1 Be4 39. Bc2 Bc6 40. a3
Bg2 41. b4 Bc6 42. Bb3 g5 43. fxg5 Bxg5 44. h4 Bh6 45. Bd1 Be8 46. Bf3 f4 47.
gxf4 exf4 48. exf4 Bxf4+ 49. Ke2 Bg3 50. Be1 Bxe1 51. Kxe1 Ke5 52. bxc5 bxc5
53. Ke2 Kd4 54. Bd5 Bg6 55. Kd2 a5 56. Bg8 1/2-1/2

[Event "Russian Championship G15 1st league 2016"]
[Site "Loo"]
[Date "2016.04.24"]
[Round "5.5"]
[White "Fairuzova, Zulfiiya"]
[Black "Selezneva, Ekaterina"]
[Result "0-1"]
[WhiteElo "1659"]
[BlackElo "1750"]
[PlyCount "158"]
[EventDate "2016.04.20"]

1. d4 d5 2. c4 e5 3. dxe5 d4 4. a3 Nc6 5. Nf3 Nge7 6. e3 dxe3 7. Qxd8+ Kxd8 8.
Bxe3 Ng6 9. Ng5 Ncxe5 10. f4 h6 11. fxe5 hxg5 12. Bxg5+ Ke8 13. Nc3 c6 14.
O-O-O Bg4 15. Re1 Rh5 16. h4 Be7 17. Bxe7 Kxe7 18. g3 Rxe5 19. Bd3 Rxe1+ 20.
Rxe1+ Kd7 21. Bxg6 fxg6 22. Ne4 b6 23. Ng5 Rf8 24. Re4 Rf1+ 25. Kd2 Bf5 26.
Rd4+ Kc7 27. Ke2 Rg1 28. Kf3 Rf1+ 29. Ke2 Rg1 30. Kf3 Rf1+ 31. Ke2 Rc1 32. g4
Bc8 33. b4 Ra1 34. c5 Rxa3 35. cxb6+ axb6 36. Kf2 c5 37. bxc5 bxc5 38. Rf4 Kc6
39. Nf3 Kd6 40. Nd2 Ra2 41. Ke3 Be6 42. g5 Ra3+ 43. Ke2 Ra2 44. Ke3 Ra7 45.
Ne4+ Ke5 46. Nc3 Ra3 47. Re4+ Kd6 48. Kd2 Rb3 49. Re3 c4 50. Ne4+ Kd5 51. Nc3+
Kd6 52. Ne4+ Ke7 53. Nc3 Kf7 54. Re1 Rb2+ 55. Ke3 Rg2 56. Ne4 Rg4 57. Rh1 Bd5
58. Rf1+ Ke7 59. Nc3 Be6 60. Rh1 Rg3+ 61. Kd4 Rd3+ 62. Kc5 Rxc3 63. h5 gxh5 64.
Rxh5 Ra3 65. Rh2 Ra5+ 66. Kd4 Rxg5 67. Kc3 Rg3+ 68. Kc2 g5 69. Rh7+ Kf6 70.
Rh6+ Kf5 71. Rh2 g4 72. Rf2+ Ke4 73. Re2+ Re3 74. Rg2 Kf3 75. Rg1 g3 76. Rf1+
Ke2 77. Rg1 Kf2 78. Rh1 g2 79. Rh2 Kg3 0-1

[Event "Russian Championship G15 1st league 2016"]
[Site "Loo"]
[Date "2016.04.24"]
[Round "5.6"]
[White "Malozemova, Darya"]
[Black "Tolkacheva, Anna"]
[Result "1-0"]
[WhiteElo "1643"]
[BlackElo "1702"]
[PlyCount "49"]
[EventDate "2016.04.20"]

1. d4 d5 2. Bf4 Nf6 3. Nf3 c5 4. e3 Nc6 5. c3 Qb6 6. Qc2 cxd4 7. exd4 Bg4 8.
Nbd2 Rc8 9. Bd3 e6 10. h3 Bxf3 11. Nxf3 Be7 12. Qb1 a6 13. O-O O-O 14. Ne5 h6
15. g4 Nxe5 16. dxe5 Nd7 17. Qc1 g5 18. Bg3 d4 19. c4 Qa5 20. f4 gxf4 21. Qxf4
Bg5 22. Qe4 f5 23. exf6 Nxf6 24. Qg6+ Kh8 25. Rxf6 1-0

[Event "Russian Championship G15 1st league 2016"]
[Site "Loo"]
[Date "2016.04.24"]
[Round "5.7"]
[White "Polyanskaya, Elizaveta"]
[Black "Yurasova, Daria"]
[Result "0-1"]
[WhiteElo "1701"]
[BlackElo "1698"]
[PlyCount "108"]
[EventDate "2016.04.20"]

1. d4 Nf6 2. c4 b6 3. Nf3 Bb7 4. g3 e6 5. Bg2 Be7 6. O-O O-O 7. Nc3 d6 8. e3
Nbd7 9. b3 c5 10. Bb2 a6 11. Qe2 Qc7 12. Rac1 Rac8 13. Rfd1 Rfe8 14. Qc2 Qb8
15. Qe2 Bf8 16. Bh3 Qa8 17. Ne1 Rc7 18. Qd2 Qc8 19. Qd3 Qa8 20. Na4 b5 21. cxb5
axb5 22. Qxb5 Bc6 23. Qc4 d5 24. Qc2 Bxa4 25. bxa4 c4 26. Bc3 Ra7 27. a5 Ne4
28. Qa4 Ndf6 29. Bg2 Nxc3 30. Rxc3 Rxa5 31. Qc2 Rxa2 32. Qc1 Qa7 33. e4 Bb4 34.
Rc2 Rxc2 35. Qxc2 Bxe1 36. Rxe1 Qxd4 37. e5 Nd7 38. Qa4 Rd8 39. Ra1 h6 40. Qa5
Qb6 41. Qc3 Rb8 42. Qa3 Nxe5 43. Re1 Nd3 44. Re2 Qb3 45. Qe7 Qd1+ 46. Bf1 Rb1
47. Kg2 Qxf1+ 48. Kf3 Qh1+ 49. Kg4 Qd1 50. Kh4 Qxe2 51. Qe8+ Kh7 52. Qxf7 Qe4+
53. f4 Nf2 54. g4 Qg2 0-1

[Event "Russian Championship G15 1st league 2016"]
[Site "Loo"]
[Date "2016.04.24"]
[Round "5.8"]
[White "Burnyasheva, Elena"]
[Black "Nikolaeva, Ksenya"]
[Result "1-0"]
[WhiteElo "1664"]
[BlackElo "1660"]
[PlyCount "65"]
[EventDate "2016.04.20"]

1. e4 c5 2. Nf3 e6 3. d4 cxd4 4. Nxd4 a6 5. Bd3 Bc5 6. Nb3 Ba7 7. Qe2 d6 8. O-O
Nc6 9. Be3 Bxe3 10. Qxe3 Nf6 11. Nc3 b5 12. f4 Bb7 13. Rae1 Rc8 14. e5 dxe5 15.
fxe5 Ng4 16. Qg3 Ncxe5 17. Rxe5 Nxe5 18. Qxg7 Qb6+ 19. Kh1 Rf8 20. Qxe5 Rg8 21.
Be4 Bxe4 22. Nxe4 Kf8 23. Nd6 Rc7 24. Qxe6 Qa7 25. Qe8+ Kg7 26. Nf5+ Kh8 27.
Qe5+ f6 28. Qxf6+ Rcg7 29. Nxg7 Rxg7 30. Nd4 Qb7 31. Qc6 Qb8 32. Ne6 Rg8 33.
Qc3+ 1-0

[Event "Russian Championship G15 1st league 2016"]
[Site "Loo"]
[Date "2016.04.24"]
[Round "5.9"]
[White "Zinatullina, Adelya"]
[Black "Minko, Olga"]
[Result "1-0"]
[WhiteElo "1775"]
[BlackElo "1446"]
[PlyCount "165"]
[EventDate "2016.04.20"]

1. d4 d5 2. Nf3 Nf6 3. c4 dxc4 4. g3 e6 5. Bg2 a6 6. Ne5 c5 7. e3 cxd4 8. exd4
Qc7 9. Qc2 Nbd7 10. Qxc4 Qxc4 11. Nxc4 Ra7 12. Nc3 b5 13. Na5 Nb6 14. O-O Nbd5
15. Re1 Kd7 16. Nxd5 exd5 17. Bh3+ Kc7 18. Bf4+ Kb6 19. Bxc8 Kxa5 20. Bb8 Re7
21. Rxe7 Bxe7 22. Bc7+ Kb4 23. Bb7 a5 24. Re1 Bd8 25. Bd6+ Kc4 26. Bc5 Ne4 27.
b3+ Kd3 28. Bxd5 Nxc5 29. dxc5 f6 30. c6 Kd4 31. Bf3 Kc5 32. Rc1+ Kb6 33. c7
Bxc7 34. Rc6+ Kb7 35. Rxf6+ Kb8 36. Rf7 g6 37. Rg7 b4 38. Kf1 Be5 39. Rb7+ Kc8
40. Ra7 Bc7 41. Ra8+ Bb8 42. Rxa5 Rf8 43. Bg4+ Kc7 44. Rb5 Ba7 45. f4 Rb8 46.
Re5 Rh8 47. Bf3 Bd4 48. Re4 Bc3 49. a3 Kb6 50. axb4 Kb5 51. Be2+ Kb6 52. Re6+
Kc7 53. b5 Kd7 54. Bg4 Kc7 55. Rc6+ Kb7 56. Rxc3 Kb6 57. Bd7 Rd8 58. Bc6 Rd1+
59. Ke2 Rd6 60. Kf3 h5 61. Be8 Kb7 62. Bc6+ Kb6 63. Ke4 Rd2 64. h4 Re2+ 65. Kd5
Re1 66. Bd7 Re7 67. Kd6 Re1 68. Rc6+ Kb7 69. Bc8+ Kb8 70. Rc3 Re8 71. Ba6 Ka7
72. Rc7+ Kb8 73. Rc8+ Rxc8 74. Bxc8 Kxc8 75. Kc6 Kd8 76. b6 Ke7 77. b7 Kf6 78.
b8=Q Kf5 79. Qe5+ Kg4 80. Qg5+ Kf3 81. f5 gxf5 82. Qf4+ Kg2 83. b4 1-0

[Event "Russian Championship G15 1st league 2016"]
[Site "Loo"]
[Date "2016.04.24"]
[Round "5.10"]
[White "Lisyanskaya, Alina"]
[Black "Badmaeva, Baina"]
[Result "1-0"]
[WhiteElo "1538"]
[BlackElo "1656"]
[PlyCount "137"]
[EventDate "2016.04.20"]

1. e4 c5 2. Nf3 d6 3. d4 cxd4 4. Nxd4 Nf6 5. Nc3 g6 6. Be3 Bg7 7. f3 O-O 8. Qd2
Nc6 9. O-O-O d5 10. Nxc6 bxc6 11. exd5 cxd5 12. Nxd5 Nxd5 13. Qxd5 Qc7 14. Qc4
Qb7 15. b3 Bf5 16. Qd5 Qb4 17. Qc5 Qb7 18. Bd3 Rfc8 19. Qa5 Rc3 20. Bxf5 gxf5
21. Rd8+ Rxd8 22. Qxd8+ Bf8 23. Qd2 Rc6 24. Bf4 Qc8 25. Rd1 Rc5 26. Be3 Rc7 27.
c4 e5 28. Qd8 Qxd8 29. Rxd8 Kg7 30. Ra8 h5 31. Rxa7 Rc6 32. Ra5 f6 33. f4 Bd6
34. g3 Kg6 35. h4 e4 36. Ra8 Bb4 37. Kd1 Rd6+ 38. Ke2 Rd3 39. a3 Be7 40. b4 Rc3
41. c5 Rc2+ 42. Bd2 Kf7 43. Ra7 Ke6 44. a4 Ra2 45. a5 Ra3 46. Kf2 Ra2 47. Ke2
Ra3 48. Be3 Ra2+ 49. Kf1 Ra1+ 50. Ke2 Ra2+ 51. Bd2 Ra3 52. Be1 Ra2+ 53. Kf1 Bd8
54. a6 Be7 55. Ra8 Kd5 56. a7 Kd4 57. c6 Bd6 58. Rd8 Rxa7 59. Rxd6+ Ke3 60. Rd7
Ra1 61. Rd5 Kf3 62. c7 e3 63. Rd3 Rc1 64. Rc3 Rxc3 65. Bxc3 Kxg3 66. c8=Q Kxf4
67. Qc4+ Kg3 68. Be1+ Kh3 69. Qe2 1-0

[Event "Russian Championship G15 1st league 2016"]
[Site "Loo"]
[Date "2016.04.24"]
[Round "5.11"]
[White "Polomoshnova, Mariya"]
[Black "Tsvetkova, Vladislava"]
[Result "0-1"]
[WhiteElo "1481"]
[BlackElo "1570"]
[PlyCount "128"]
[EventDate "2016.04.20"]

1. e4 c6 2. d4 d5 3. exd5 cxd5 4. Bd3 Nf6 5. h3 Nc6 6. c3 g6 7. Nf3 Bg7 8. Bf4
Bf5 9. Bxf5 gxf5 10. Nbd2 Ne4 11. O-O e6 12. Nb3 O-O 13. Nfd2 Qh4 14. Nxe4 fxe4
15. Bg3 Qg5 16. Qc1 Qxc1 17. Nxc1 Na5 18. Rd1 Nc4 19. Rb1 Rac8 20. Nb3 b6 21.
Nd2 Bh6 22. Nxc4 Rxc4 23. Re1 f5 24. f4 b5 25. a3 a5 26. Rf1 b4 27. Be1 bxc3
28. bxc3 Ra4 29. Rb3 Rc8 30. Bd2 Bf8 31. Bc1 Rac4 32. Bb2 h5 33. h4 Kf7 34. Kf2
Ke8 35. g3 Kd7 36. Ke2 Kc6 37. Kd2 a4 38. Rb4 Bxb4 39. axb4 Kb5 40. Ra1 e3+ 41.
Kd3 e2 42. Kd2 R8c6 43. Re1 a3 44. Ba1 Ka4 45. Rxe2 Kb3 46. Re3 a2 47. Rf3 Rc8
48. Re3 R4c6 49. Rd3 Ra8 50. Re3 Ra3 51. Rf3 Kc4 52. Kc2 Rb3 53. Rf1 Ra6 54.
Bb2 a1=Q 55. Rxa1 Rxa1 56. Bxa1 Ra3 57. Kb1 Kb3 58. b5 Ra2 59. b6 Rg2 60. Kc1
Rxg3 61. b7 Rg8 62. Bb2 Rb8 63. Kb1 Rxb7 64. Kc1 Ka2 0-1

[Event "Russian Championship G15 1st league 2016"]
[Site "Loo"]
[Date "2016.04.24"]
[Round "5.12"]
[White "Terkina, Yulia"]
[Black "Novogenova, Anastasia"]
[Result "0-1"]
[WhiteElo "1459"]
[BlackElo "1555"]
[PlyCount "98"]
[EventDate "2016.04.20"]

1. d4 Nf6 2. c4 g6 3. e3 Bg7 4. Nc3 d5 5. Nf3 O-O 6. Bd3 dxc4 7. Bxc4 c5 8. O-O
Bg4 9. dxc5 Qxd1 10. Rxd1 Nbd7 11. Nd5 Nxd5 12. Bxd5 Nxc5 13. h3 Bf5 14. Nd4
Be4 15. Bxe4 Nxe4 16. f3 Nc5 17. Bd2 Rfd8 18. Bb4 Rac8 19. Rac1 b6 20. b3 e6
21. Kf2 Bxd4 22. exd4 Nd3+ 23. Rxd3 Rxc1 24. Ke3 Rc2 25. Rd2 Rxd2 26. Bxd2 Kf8
27. Bb4+ Ke8 28. Ke4 Rc8 29. g3 Rc2 30. a4 Rb2 31. h4 Rxb3 32. Bd6 Kd7 33. Bf8
Rc3 34. g4 Rc4 35. f4 Rxa4 36. Bg7 b5 37. f5 b4 38. fxg6 fxg6 39. Kf4 b3 40.
Kg5 b2 41. Kh6 b1=Q 42. Kxh7 g5+ 43. Kh6 gxh4 44. g5 h3 45. Bf6 h2 46. Kg7 h1=Q
47. Be5 Qhh7+ 48. Kf8 Qe7+ 49. Kg8 Qbh7# 0-1

[Event "Russian Championship G15 1st league 2016"]
[Site "Loo"]
[Date "2016.04.24"]
[Round "5.13"]
[White "Plaksina, Sofya"]
[Black "Kiseleva, Elizaveta"]
[Result "1-0"]
[WhiteElo "1630"]
[BlackElo "1542"]
[PlyCount "75"]
[EventDate "2016.04.20"]

1. e4 c5 2. Nf3 Nc6 3. Bb5 Nf6 4. d3 e6 5. Bxc6 bxc6 6. O-O Be7 7. b3 O-O 8.
Nc3 Qc7 9. Re1 d5 10. Ba3 Rd8 11. e5 Ng4 12. Qe2 Ba6 13. Na4 c4 14. Bxe7 Qxe7
15. Nd4 Nxh2 16. Nxc6 Qh4 17. g3 Qh3 18. Nxd8 cxd3 19. cxd3 Ng4 20. f3 Qxg3+
21. Qg2 Qh4 22. Qxg4 Qxd8 23. d4 Rb8 24. Nc5 Bb5 25. Kf2 Qa5 26. Qg5 Qc3 27.
Qg4 Qc2+ 28. Kg1 Qc3 29. a4 Be8 30. Rac1 Qa5 31. Re2 Qc7 32. Rec2 Qe7 33. Rg2
g6 34. Qg5 Qf8 35. Rh2 Rb4 36. Rd1 Qg7 37. Qe7 Rb8 38. Qxa7 1-0

[Event "Russian Championship G15 1st league 2016"]
[Site "Loo"]
[Date "2016.04.24"]
[Round "5.14"]
[White "Oglezneva, Polina"]
[Black "Turko, Anastasia"]
[Result "0-1"]
[WhiteElo "1380"]
[BlackElo "1612"]
[PlyCount "66"]
[EventDate "2016.04.20"]

1. e4 g6 2. d4 Bg7 3. Nf3 d6 4. Nc3 a6 5. Be3 b5 6. a3 Nd7 7. Be2 Ngf6 8. O-O
O-O 9. Qd2 Bb7 10. Bd3 c5 11. d5 e6 12. dxe6 fxe6 13. Ng5 Qe7 14. f3 d5 15.
exd5 exd5 16. Rfe1 Nh5 17. g4 d4 18. Bf2 dxc3 19. Rxe7 cxd2 20. Rxd7 Bc8 21.
Re7 Nf4 22. Be4 Rb8 23. c3 Bf6 24. Bxc5 Bxg5 25. Ra7 Rd8 26. Rd1 Be6 27. Bc2
Bd5 28. Kf2 Bh4+ 29. Ke3 Ng2+ 30. Ke2 Bc4+ 31. Bd3 Bxd3+ 32. Kxd2 Bg5+ 33. Be3
Bxe3# 0-1

[Event "Russian Championship G15 1st league 2016"]
[Site "Loo"]
[Date "2016.04.24"]
[Round "5.15"]
[White "Surkova, Sofya"]
[Black "Moiseeva, Polina"]
[Result "0-1"]
[WhiteElo "1574"]
[BlackElo "1485"]
[PlyCount "50"]
[EventDate "2016.04.20"]

1. e4 c5 2. Nf3 Nc6 3. d4 cxd4 4. Nxd4 g6 5. Be3 Bg7 6. Nc3 Nf6 7. f3 O-O 8.
Qd2 e6 9. O-O-O d5 10. exd5 Nxd5 11. Nxd5 Qxd5 12. Nb3 Qe5 13. c3 b6 14. Bd3
Rd8 15. Qf2 Bb7 16. Rhe1 Qc7 17. Bg5 Rd5 18. Be3 Na5 19. g3 Nxb3+ 20. axb3 Ra5
21. Bd2 Rc8 22. Kb1 Qd7 23. Be2 e5 24. c4 Qf5+ 25. Kc1 Ra1# 0-1

[Event "Russian Championship G15 1st league 2016"]
[Site "Loo"]
[Date "2016.04.24"]
[Round "5.16"]
[White "Kononova, Anastasiya"]
[Black "Usarova, Evita"]
[Result "1-0"]
[WhiteElo "1426"]
[BlackElo "1545"]
[PlyCount "105"]
[EventDate "2016.04.20"]

1. c4 e6 2. e4 d5 3. exd5 exd5 4. cxd5 Qxd5 5. Nc3 Qa5 6. Qe2+ Be6 7. Qb5+ Qxb5
8. Nxb5 Kd7 9. d4 Bb4+ 10. Bd2 Bxd2+ 11. Kxd2 Nc6 12. Nf3 Nf6 13. Nc3 Rad8 14.
Bb5 Kd6 15. Bxc6 Kxc6 16. h3 Kb6 17. Rac1 Nd5 18. Na4+ Kb5 19. Nc5 Kb6 20. Nxe6
fxe6 21. Rhe1 Rhe8 22. Re4 h6 23. Rce1 Rd6 24. Ne5 Kb5 25. Rc1 Nf6 26. Rc5+ Ka6
27. Rf4 Re7 28. Nc4 Rd5 29. Ne3 Rd8 30. Re5 Nd7 31. Ree4 e5 32. Nd5 exf4 33.
Rxe7 c6 34. Nxf4 Nf6 35. Kc3 g5 36. Re6 Rf8 37. Nd3 Nd5+ 38. Kc2 Nf4 39. Nxf4
Rxf4 40. f3 Rxd4 41. Rxh6 Rc4+ 42. Kd3 Kb5 43. Rh5 Rc5 44. f4 Rd5+ 45. Ke2 gxf4
46. Rxd5+ cxd5 47. h4 d4 48. h5 Kc4 49. Kd2 b5 50. h6 b4 51. h7 b3 52. a3 d3
53. h8=Q 1-0